000 00527nam a2200193 a 4500
001 23836
003 CO-ViMGA
008 141112s2004 ck r 000 u spa d
020 _a9789583023798
040 _aCO-ViMGA
_bspa
_cCO-ViMGA
082 0 4 _aMISb
100 1 _aMisso, Isabella
_934526
245 1 0 _aLa brujita martina /
_cIsabella Misso
260 _aColombia :
_bpanAméricana
300 _a32p.
650 1 4 _a2 : BRUJAS - CUENTOS INFANTILES
_934527
650 1 4 _aCUENTOS INFANTILES ITALIANOS
_94586
942 _2ddc
_cBK
999 _c31917
_d31917